000 00703nam a2200229Ia 4500
005 20250508170101.0
008 008 250505s9999 xx 000 0 eng d
020 _a978-0-367-14177-6
037 _aReference
040 _aFEDL
_beng
_cFEDL
041 _aeng
_2eng
084 _a107, NAJ/RR
_qFEDL
100 _aNaji Saeed Ed.
_9782953
245 0 _aHistory, theory and practice of philosophy for children: International perspectives
260 _aLondon, UK
_bRoutledge
_c2017
300 _axxi, 232p.
365 _aGBP
_b39.99
490 _aRoutledge Research in Education
700 _a Hashim Rosnani Ed.
_9782954
942 _cREF
_h107, NAJ/RR
999 _c1399124
_d1399124